[Event "Guernsey Open"]
[Site "Guernsey"]
[Date "2001.10.21"]
[Round "1"]
[White "Kitchlew, Andrew"]
[Black "Arkell, Keith"]
[Result "0-1"]
[WhiteElo "2059"]
[BlackElo "2457"]
[PlyCount "102"]
[EventDate "2001.10.21"]

1. d4 e6 2. e3 c5 3. Nf3 b6 4. c4 cxd4 5. exd4 Nf6 6. Nc3 Bb7 7. Be2 Na6 8. O-O
Nc7 9. Bg5 Be7 10. Ne5 O-O 11. Bf3 Bxf3 12. Qxf3 Nfe8 13. Bxe7 Qxe7 14. Rfe1
Nd6 15. b3 f6 16. Ng4 Nf7 17. Rad1 Rfc8 18. d5 e5 19. Ne4 Ne8 20. Ne3 Ned6 21.
Nf5 Nxf5 22. Qxf5 Nd6 23. Nxd6 Qxd6 24. Re3 g6 25. Rg3 Kg7 26. Qe4 Rf8 27. Re1
Rae8 28. Qh4 h6 29. Rh3 Rh8 30. Rhe3 b5 31. cxb5 Qxd5 32. Qc4 Qb7 33. Rd3 Rc8
34. Qd5 Qxd5 35. Rxd5 Rhd8 36. Red1 Rc7 37. h3 Kf7 38. Rd6 Ke7 39. a4 Rb8 40.
b4 Rbb7 41. Ra6 Rb6 42. Rxb6 axb6 43. a5 Ke6 44. Ra1 Rc8 45. a6 e4 46. Kf1 f5
47. g3 g5 48. Ke2 f4 49. gxf4 gxf4 50. Kd2 Ke5 51. Rc1 e3+ 0-1

[Event "Guernsey Open"]
[Site "Guernsey"]
[Date "2001.10.21"]
[Round "1"]
[White "Hillarp Persson, Tiger"]
[Black "White, Kevin"]
[Result "1-0"]
[WhiteElo "2450"]
[BlackElo "2059"]
[PlyCount "91"]
[EventDate "2001.10.21"]

1. c4 Nc6 2. Nc3 e5 3. g3 g6 4. Bg2 Bg7 5. Rb1 a5 6. a3 d6 7. b4 axb4 8. axb4
f5 9. b5 Nce7 10. d3 Nf6 11. Nf3 O-O 12. Qb3 Nh5 13. O-O Kh8 14. Bb2 f4 15. c5
fxg3 16. hxg3 d5 17. c6 d4 18. Ne4 h6 19. Ba3 bxc6 20. bxc6 Re8 21. Ra1 Ra6 22.
Bxe7 Qxe7 23. Rxa6 Bxa6 24. Bh3 Nf6 25. Nfd2 Nxe4 26. Nxe4 Bf8 27. Ra1 Bc8 28.
Bxc8 Rxc8 29. Kg2 Kg7 30. Ra5 Qf7 31. Qxf7+ Kxf7 32. Rxe5 Rd8 33. g4 Be7 34. f4
Bf6 35. Rb5 Re8 36. Rd5 g5 37. Rd7+ Re7 38. fxg5 hxg5 39. Nxf6 Kxf6 40. Rxe7
Kxe7 41. Kf3 Kd6 42. Ke4 Kxc6 43. Kxd4 Kd6 44. e3 c6 45. Kc4 c5 46. d4 1-0

[Event "Guernsey Open"]
[Site "Guernsey"]
[Date "2001.10.21"]
[Round "1"]
[White "Ruston, Mark"]
[Black "Webster, Andrew"]
[Result "0-1"]
[WhiteElo "2056"]
[BlackElo "2413"]
[PlyCount "98"]
[EventDate "2001.10.21"]

1. e4 c5 2. Nc3 Nc6 3. g3 g6 4. Bg2 Bg7 5. d3 d6 6. Be3 Rb8 7. Qd2 Qa5 8. Nf3
Nd4 9. Nh4 b5 10. O-O b4 11. Nd5 e6 12. Nf4 Nf6 13. Ne2 Ng4 14. Bxd4 cxd4 15.
h3 Nh6 16. f4 f5 17. exf5 gxf5 18. Bc6+ Ke7 19. Bg2 Qc5 20. Nc1 a5 21. Nb3 Qb6
22. a4 Bf6 23. Nf3 Bb7 24. Qf2 Bxf3 25. Qxf3 Rhg8 26. Rfe1 Kf7 27. Re2 Rg6 28.
Nd2 Rbg8 29. Nf1 e5 30. Rae1 Kg7 31. fxe5 dxe5 32. Rxe5 Bxe5 33. Rxe5 Rc8 34.
Rb5 Qd8 35. Rd5 Rd6 36. Rb5 Rxc2 37. Qf4 Re6 38. Bd5 Rd6 39. Qxd4+ Qf6 40. Rb7+
Kg6 41. Qxf6+ Kxf6 42. Bc4 Rxb2 43. Rxh7 Ke5 44. Ne3 Rg6 45. Re7+ Kd6 46. Re8
f4 47. Nd5 Rxg3+ 48. Kf1 Rxh3 49. Rd8+ Kc5 0-1

[Event "Guernsey Open"]
[Site "Guernsey"]
[Date "2001.10.21"]
[Round "1"]
[White "Buckley, Graeme"]
[Black "Keeling, Geoffrey"]
[Result "1-0"]
[WhiteElo "2409"]
[BlackElo "2053"]
[PlyCount "77"]
[EventDate "2001.10.21"]

1. d4 d5 2. c4 Nc6 3. Nf3 Bg4 4. Nc3 e6 5. e3 Bb4 6. Be2 Nf6 7. O-O O-O 8. h3
Bh5 9. Ne5 Bxe2 10. Nxe2 Nxe5 11. dxe5 Ne8 12. Qb3 Ba5 13. Rd1 c6 14. Qxb7 Qc8
15. Qxc8 Rxc8 16. Bd2 Bc7 17. Bb4 Bxe5 18. Bxf8 Kxf8 19. Rac1 Bxb2 20. Rc2 Ba3
21. cxd5 Rd8 22. Rxc6 exd5 23. Ra6 Bc5 24. Ra5 Bb6 25. Raxd5 Rc8 26. a4 Nf6 27.
Rb5 Rc2 28. Ng3 Ra2 29. Rb4 g6 30. Ne4 Nxe4 31. Rxe4 f5 32. Rc4 Ke7 33. g4 Ra3
34. gxf5 gxf5 35. Kg2 Ke6 36. Kf3 Ra2 37. Rh4 Ra3 38. Rh6+ Ke5 39. Rdd6 1-0

[Event "Guernsey Open"]
[Site "Guernsey"]
[Date "2001.10.21"]
[Round "1"]
[White "McDonnell, James"]
[Black "Bellin, Robert"]
[Result "0-1"]
[WhiteElo "2050"]
[BlackElo "2359"]
[PlyCount "152"]
[EventDate "2001.10.21"]

1. e4 c5 2. Nf3 d6 3. d4 cxd4 4. Nxd4 Nf6 5. Nc3 Nc6 6. Be2 Nxd4 7. Qxd4 g6 8.
e5 dxe5 9. Bb5+ Bd7 10. Qxe5 Bg7 11. O-O O-O 12. Rd1 Qa5 13. Qe2 Bxb5 14. Qxb5
Qxb5 15. Nxb5 a6 16. Nc3 Rac8 17. Be3 b5 18. a3 Ng4 19. Bd4 e5 20. Bb6 Rc6 21.
Ba5 Rb8 22. h3 Nf6 23. Rd2 Bf8 24. Rad1 Kg7 25. Re1 Re8 26. Ne4 Nxe4 27. Rxe4
f5 28. Rd7+ Re7 29. Rxe7+ Bxe7 30. Re2 e4 31. Bc3+ Kf7 32. Bd4 Rd6 33. c3 Bf6
34. Bxf6 Rd1+ 35. Kh2 Kxf6 36. f3 Ke5 37. fxe4 fxe4 38. Kg3 Rd3+ 39. Kf2 Kf4
40. Rc2 h5 41. b3 h4 42. c4 bxc4 43. bxc4 Rxa3 44. c5 Rd3 45. c6 Rd8 46. c7 Rc8
47. Rc4 a5 48. Rc6 g5 49. Rf6+ Ke5 50. Rc6 Kd4 51. Rc1 a4 52. Ra1 Rxc7 53.
Rxa4+ Rc4 54. Ra1 Rc2+ 55. Kf1 Kd3 56. Rd1+ Rd2 57. Ra1 Ke3 58. Re1+ Kf4 59.
Ra1 Kg3 60. Ra3+ Rd3 61. Ra5 Kf4 62. Ke2 Rb3 63. Rc5 g4 64. hxg4 Kg3 65. g5
Kxg2 66. g6 Rg3 67. Rf5 Rxg6 68. Rf2+ Kg3 69. Rf1 Ra6 70. Ke3 Ra3+ 71. Kxe4 Kg2
72. Rb1 h3 73. Rb2+ Kg3 74. Rb7 h2 75. Rg7+ Kf2 76. Rh7 Kg2 0-1

[Event "Guernsey Open"]
[Site "Guernsey"]
[Date "2001.10.21"]
[Round "1"]
[White "Keeling, Karen"]
[Black "Van Voorthuijsen, PW.."]
[Result "1/2-1/2"]
[WhiteElo "2048"]
[BlackElo "2319"]
[PlyCount "108"]
[EventDate "2001.10.21"]

1. c4 e6 2. g3 d5 3. Bg2 Nf6 4. Nf3 Be7 5. O-O O-O 6. d4 Nbd7 7. Nbd2 c6 8. b3
b6 9. Bb2 Bb7 10. Rc1 Rc8 11. e3 c5 12. cxd5 exd5 13. Qe2 a5 14. Rfd1 Rc7 15.
Nb1 c4 16. bxc4 dxc4 17. a4 Bb4 18. Nc3 Bxc3 19. Bxc3 Qa8 20. Nh4 Bxg2 21. Nxg2
Qc6 22. Qa2 Nd5 23. Qa3 N7f6 24. Be1 Ne7 25. Nf4 Qe4 26. d5 Nf5 27. Qb2 Ng4 28.
Qxb6 Rfc8 29. d6 Rd7 30. Qa6 Rcd8 31. Rxc4 Qf3 32. Rd2 g5 33. Rc8 gxf4 34.
Rxd8+ Rxd8 35. d7 fxg3 36. hxg3 Ngxe3 37. fxe3 Qxe3+ 38. Kf1 Nxg3+ 39. Kg2 Qxe1
40. Qxa5 Qe7 41. Kxg3 Rxd7 42. Rxd7 Qxd7 43. Qg5+ Kf8 44. a5 Qd3+ 45. Kh4 Qd4+
46. Kh5 f6 47. Qh6+ Kg8 48. a6 Qd5+ 49. Kg4 Qc4+ 50. Kh5 Qb5+ 51. Kg4 Qxa6 52.
Kf5 Qf1+ 53. Ke6 Qf3 54. Ke7 Qb7+ 1/2-1/2

[Event "Guernsey Open"]
[Site "Guernsey"]
[Date "2001.10.21"]
[Round "1"]
[White "Keely, Roger"]
[Black "Van Dijk, Bram"]
[Result "1/2-1/2"]
[WhiteElo "2041"]
[BlackElo "2243"]
[PlyCount "85"]
[EventDate "2001.10.21"]

1. e4 c6 2. d4 d5 3. Nc3 g6 4. e5 h5 5. h4 Nh6 6. Bg5 b5 7. Qd2 Qb6 8. Nf3 Bg4
9. Be2 Nd7 10. a4 Bxf3 11. Bxf3 e6 12. Be2 b4 13. Nd1 Nf5 14. c3 Rb8 15. a5 Qc7
16. c4 dxc4 17. Bxc4 c5 18. d5 Qxe5+ 19. Kf1 Qe4 20. Rc1 Bg7 21. dxe6 fxe6 22.
Rh3 Qc6 23. Ne3 Nd4 24. Nc2 O-O 25. Re3 Ne5 26. Nxd4 cxd4 27. Qxd4 Nxc4 28.
Qxc4 Qxc4+ 29. Rxc4 b3 30. Be7 Rf5 31. Bb4 Rfb5 32. Bc3 Bxc3 33. Rcxc3 R8b7 34.
Rxe6 Rxa5 35. Rxg6+ Kh7 36. Rgg3 Rab5 37. Rc6 a5 38. Rgg6 a4 39. Rh6+ Kg7 40.
Rhg6+ Kf7 41. Rgf6+ Ke7 42. Rfe6+ Kd7 43. Red6+ 1/2-1/2

[Event "Guernsey Open"]
[Site "Guernsey"]
[Date "2001.10.21"]
[Round "1"]
[White "Havenaar, Jan"]
[Black "Spanton, Timothy"]
[Result "1-0"]
[WhiteElo "2235"]
[BlackElo "2039"]
[PlyCount "77"]
[EventDate "2001.10.21"]

1. Nc3 c5 2. Nf3 Nc6 3. d4 cxd4 4. Nxd4 g6 5. Bf4 Bg7 6. Ndb5 d6 7. Nd5 Be6 8.
Nbc7+ Kd7 9. Nxa8 Qa5+ 10. Nc3 Nf6 11. Qd2 Rxa8 12. e3 Rc8 13. Be2 h5 14. h3 h4
15. Rd1 g5 16. Bh2 g4 17. Bf4 gxh3 18. gxh3 Nh5 19. Bxh5 Qxh5 20. Rg1 Rg8 21.
Ne2 Bxh3 22. Rg5 Qf3 23. Ng1 Qh1 24. Ke2 Be6 25. Qd3 f6 26. Rg6 Bf7 27. Rg4 Be6
28. Rg6 Bf7 29. Nf3 Bxg6 30. Qxg6 Qh3 31. Qf7 Ne5 32. Bxe5 fxe5 33. Qxg8 e4 34.
Nd4 Qg4+ 35. Kd2 h3 36. Rh1 a6 37. c3 b6 38. Qh7 Bxd4 39. cxd4 1-0

[Event "Guernsey Open"]
[Site "Guernsey"]
[Date "2001.10.21"]
[Round "1"]
[White "Kemp, Paul M"]
[Black "Ballon, Guenther Jan"]
[Result "0-1"]
[WhiteElo "2032"]
[BlackElo "2220"]
[PlyCount "46"]
[EventDate "2001.10.21"]

1. e4 c5 2. Nf3 e6 3. d3 Nf6 4. g3 d5 5. Qe2 Nc6 6. Bg2 Be7 7. O-O O-O 8. exd5
Nxd5 9. Re1 b6 10. Nbd2 Bb7 11. h4 Nd4 12. Nxd4 cxd4 13. Ne4 Rc8 14. Ng5 Rc7
15. Be4 h6 16. Nh7 Re8 17. Qh5 f5 18. Bxh6 fxe4 19. Bxg7 Kxg7 20. Rxe4 Nf6 21.
Nxf6 Bxf6 22. Rg4+ Kf8 23. Re1 Qd5 0-1

[Event "Guernsey Open"]
[Site "Guernsey"]
[Date "2001.10.21"]
[Round "1"]
[White "Von Saldern, Ruediger"]
[Black "Dennis, Nigel"]
[Result "1-0"]
[WhiteElo "2133"]
[BlackElo "2070"]
[PlyCount "65"]
[EventDate "2001.10.21"]

1. d4 Nf6 2. Nf3 g6 3. Bg5 Bg7 4. Nbd2 O-O 5. e4 d6 6. Bd3 Bg4 7. c3 Nbd7 8.
Qc2 Bxf3 9. Nxf3 c5 10. e5 dxe5 11. dxe5 Ng4 12. e6 Nde5 13. exf7+ Rxf7 14. Be4
Qb6 15. O-O Nxf3+ 16. Bxf3 Ne5 17. Be2 Bf6 18. Be3 Qc6 19. f4 Nd7 20. Bf3 Qa6
21. Rad1 e6 22. Rfe1 Rb8 23. a4 b5 24. axb5 Qxb5 25. Rd2 Nb6 26. b3 Rd7 27.
Rxd7 Nxd7 28. Qe4 Qxb3 29. c4 Kf7 30. Qc6 Rd8 31. f5 Qxc4 32. fxe6+ Qxe6 33.
Bd5 1-0

[Event "Guernsey Open"]
[Site "Guernsey"]
[Date "2001.10.22"]
[Round "2"]
[White "Milnes, Anthony"]
[Black "Gormally, Daniel"]
[Result "0-1"]
[WhiteElo "2138"]
[BlackElo "2505"]
[PlyCount "88"]
[EventDate "2001.10.21"]

1. e4 c5 2. Nc3 Nc6 3. f4 g6 4. Nf3 Bg7 5. Bb5 Nd4 6. O-O Nxb5 7. Nxb5 d5 8. e5
Bg4 9. d4 a6 10. Nc3 cxd4 11. Ne2 e6 12. Nexd4 Ne7 13. c3 Nf5 14. Qe1 Qb6 15.
Qf2 Bxf3 16. Nxf5 Qxf2+ 17. Rxf2 gxf5 18. Rxf3 f6 19. exf6 Bxf6 20. Be3 Rc8 21.
Rd1 Rc4 22. Bd4 Kf7 23. Rfd3 Rhc8 24. Kf2 b5 25. Kf3 a5 26. h3 h5 27. R1d2 b4
28. Bxf6 Kxf6 29. cxb4 Rxb4 30. Rd4 Rb7 31. g4 hxg4+ 32. hxg4 fxg4+ 33. Kxg4
Rh8 34. Ra4 Rg7+ 35. Kf3 Rh3+ 36. Ke2 Kf5 37. Rxa5 Kxf4 38. b4 Rg1 39. Ra8 Rb1
40. b5 Rxb5 41. Kd1 e5 42. a4 Rc5 43. a5 Rh1+ 44. Ke2 Ke4 0-1

[Event "Guernsey Open"]
[Site "Guernsey"]
[Date "2001.10.22"]
[Round "2"]
[White "Arkell, Keith"]
[Black "Almond, Richard"]
[Result "1-0"]
[WhiteElo "2457"]
[BlackElo "2136"]
[PlyCount "101"]
[EventDate "2001.10.21"]

1. d4 d5 2. c4 e6 3. Nf3 Nf6 4. Nc3 Be7 5. Bg5 O-O 6. e3 Nbd7 7. cxd5 exd5 8.
Bd3 Re8 9. O-O c6 10. Qc2 Nf8 11. Bxf6 Bxf6 12. b4 a6 13. a4 Qd6 14. b5 axb5
15. axb5 Bd7 16. bxc6 bxc6 17. Na4 g6 18. Nb6 Rxa1 19. Rxa1 Rb8 20. Nxd7 Nxd7
21. Rc1 Rb6 22. Qa4 c5 23. Bb5 Rb7 24. dxc5 Qe7 25. Bxd7 Rxd7 26. c6 Rc7 27. g3
Qd6 28. Kg2 Rc8 29. Qa6 Rc7 30. Qa8+ Kg7 31. Qe8 Qe6 32. Qxe6 fxe6 33. g4 h6
34. h4 g5 35. hxg5 hxg5 36. e4 dxe4 37. Nd2 Be5 38. Nxe4 Bf4 39. Rc5 Kf7 40.
Nc3 Ke7 41. Nb5 Rc8 42. Kf3 Bd6 43. Rc2 Rb8 44. Nxd6 Kxd6 45. c7 Rc8 46. Ke4
Kd7 47. Ke5 Ke7 48. f3 Kd7 49. Rc1 Ke7 50. Rh1 Kf7 51. Rh7+ 1-0

[Event "Guernsey Open"]
[Site "Guernsey"]
[Date "2001.10.22"]
[Round "2"]
[White "Taylor, Mark V"]
[Black "Hillarp Persson, Tiger"]
[Result "0-1"]
[WhiteElo "2133"]
[BlackElo "2450"]
[PlyCount "146"]
[EventDate "2001.10.21"]

1. d4 g6 2. Nf3 Bg7 3. e4 d6 4. Be2 Nf6 5. Nbd2 O-O 6. O-O c6 7. Re1 Qc7 8. c3
Nbd7 9. Bf1 b6 10. h3 Nh5 11. g3 Bb7 12. Bg2 Rad8 13. Nf1 e5 14. Ne3 Nhf6 15.
Qc2 Ba6 16. b3 Rfe8 17. Ng4 Nxg4 18. hxg4 h6 19. Bb2 c5 20. d5 Nf6 21. g5 Nh7
22. Bc1 hxg5 23. Nxg5 Nxg5 24. Bxg5 f6 25. Bd2 Bc8 26. f3 Kf7 27. Kf2 Rh8 28.
Rh1 Qe7 29. Rxh8 Rxh8 30. Rh1 Rxh1 31. Bxh1 f5 32. Bg2 f4 33. Qc1 Bh6 34. Kg1
Qg5 35. Qe1 Kg7 36. g4 Qe7 37. Qf2 Bg5 38. Be1 b5 39. Bf1 Qb7 40. Qe2 Bd7 41.
Bf2 Qc7 42. Qc2 Qc8 43. Qe2 Bd8 44. Be1 a6 45. Qg2 Be7 46. Be2 Qd8 47. Qf2 Qa5
48. Bd1 Qa3 49. Qc2 c4 50. b4 a5 51. bxa5 Bd8 52. Be2 Qxa5 53. Bd1 Bb6+ 54. Kf1
Qa3 55. Qd2 Bc8 56. Kg2 Bd7 57. Kf1 Qa8 58. Kg2 Kf7 59. Bf2 Bd8 60. Be2 Qa3 61.
Bd1 Ba5 62. Be1 Ke8 63. Kf1 Kd8 64. Bh4+ Kc7 65. Be1 Kb7 66. Kg2 Bb6 67. Bf2
Bxf2 68. Kxf2 b4 69. cxb4 c3 70. Qc2 Kb6 71. Be2 Qxb4 72. Bd3 Kc5 73. Ke1 Ba4 {
and Black won i.d.c.} 0-1

[Event "Guernsey Open"]
[Site "Guernsey"]
[Date "2001.10.22"]
[Round "2"]
[White "Doell, Detlef"]
[Black "Buckley, Graeme"]
[Result "1-0"]
[WhiteElo "2108"]
[BlackElo "2409"]
[PlyCount "97"]
[EventDate "2001.10.21"]

1. e4 c5 2. c4 g6 3. Ne2 Nc6 4. d4 cxd4 5. Nxd4 Bg7 6. Be3 Nf6 7. Nc3 O-O 8.
Be2 d6 9. Rc1 Nxd4 10. Bxd4 Be6 11. Qd2 Qa5 12. f3 Rfc8 13. b3 a6 14. Na4 Qxd2+
15. Kxd2 Nxe4+ 16. Ke3 Bh6+ 17. f4 f5 18. Nb6 Bf7 19. Ba1 e5 20. g3 exf4+ 21.
gxf4 Re8 22. Nxa8 Ng3+ 23. Kf3 Nxh1 24. Nb6 g5 25. Bd3 Bh5+ 26. Kg2 Re3 27.
Bxf5 Bf3+ 28. Kf1 {(=)} gxf4 29. Nd5 Re2 30. Rc2 Rxc2 31. Bxc2 Kf7 32. Bf5 Bg5
33. Bh3 Bxd5 34. cxd5 Bh4 35. Bd4 Bf6 36. Be6+ Kg6 37. Bxf6 Kxf6 38. Kg2 a5 39.
Kxh1 Ke5 40. Kg2 Ke4 41. Kf2 b5 42. Bf7 b4 43. Be6 h6 44. Bf7 Kd4 45. Kf3 Kc3
46. Kxf4 Kb2 47. Be8 Kxa2 48. Ba4 Kb2 49. Kf5 1-0

[Event "Guernsey Open"]
[Site "Guernsey"]
[Date "2001.10.22"]
[Round "2"]
[White "Bellin, Robert"]
[Black "Von Saldern, Ruediger"]
[Result "1-0"]
[WhiteElo "2359"]
[BlackElo "2133"]
[PlyCount "89"]
[EventDate "2001.10.21"]

1. e4 e5 2. Nf3 Nc6 3. Bb5 a6 4. Ba4 Nf6 5. O-O Be7 6. Re1 b5 7. Bb3 O-O 8. h3
d6 9. c3 Na5 10. Bc2 c5 11. d4 Qc7 12. Nbd2 Bd7 13. Nf1 cxd4 14. cxd4 Rac8 15.
Ne3 Nc6 16. d5 Nb4 17. Bb1 a5 18. a3 Na6 19. b4 axb4 20. axb4 Ra8 21. Bd2 Ra7
22. Bd3 Qb6 23. Nf5 Qd8 24. Nxe7+ Qxe7 25. Qe2 Rb8 26. Ra5 Be8 27. Rea1 Qb7 28.
Bg5 Raa8 29. Qd2 Bd7 30. Bxf6 gxf6 31. R1a3 Kf8 32. Nh4 Ke7 33. Be2 Nc7 34. Bg4
Rxa5 35. Rxa5 Ra8 36. Rxa8 Qxa8 37. Bxd7 Kxd7 38. Nf5 Qa1+ 39. Kh2 Qf1 40. f3
Qb1 41. Qc3 Nxd5 42. Qd2 Nxb4 43. Qxd6+ Kc8 44. Qe7 Na6 45. Nd6+ 1-0

[Event "Guernsey Open"]
[Site "Guernsey"]
[Date "2001.10.22"]
[Round "2"]
[White "Ippel, Cornelius"]
[Black "Lalic, Susan"]
[Result "0-1"]
[WhiteElo "2108"]
[BlackElo "2351"]
[PlyCount "46"]
[EventDate "2001.10.21"]

1. Nc3 d5 2. e4 c6 3. d4 dxe4 4. Nxe4 Nf6 5. Ng3 g6 6. Bc4 Bg7 7. c3 O-O 8. Nf3
c5 9. Bg5 Bg4 10. Qb3 Bxf3 11. gxf3 cxd4 12. O-O-O Nc6 13. Qxb7 Na5 14. Qa6
Nxc4 15. Qxc4 Qa5 16. Bxf6 Bxf6 17. Ne4 dxc3 18. Rd5 cxb2+ 19. Kb1 Qb6 20. Rb5
Qa6 21. Qb3 Rac8 22. Re1 Bd4 23. Rd1 Qc6 0-1

[Event "Guernsey Open"]
[Site "Guernsey"]
[Date "2001.10.22"]
[Round "2"]
[White "Janse, Jan Jaap"]
[Black "Havenaar, Jan"]
[Result "1/2-1/2"]
[WhiteElo "2272"]
[BlackElo "2235"]
[PlyCount "54"]
[EventDate "2001.10.21"]

1. d4 Nf6 2. Bg5 Nc6 3. Nf3 d6 4. e3 e5 5. dxe5 Nxe5 6. Nxe5 dxe5 7. Qxd8+ Kxd8
8. Nc3 c6 9. Bc4 Ke7 10. O-O-O Be6 11. Bb3 Bxb3 12. axb3 Ke6 13. Rd3 Be7 14.
Rhd1 Rhd8 15. Bxf6 Rxd3 16. Rxd3 Bxf6 17. Ne4 Be7 18. g4 f6 19. f4 g6 20. fxe5
fxe5 21. Kd2 b6 22. Ke2 a5 23. Nc3 Rf8 24. Ne4 b5 25. Rd1 Ra8 26. Nc3 Bb4 27.
Ne4 Be7 1/2-1/2

[Event "Guernsey Open"]
[Site "Guernsey"]
[Date "2001.10.22"]
[Round "2"]
[White "Ballon, Guenther Jan"]
[Black "Weighell, Mark"]
[Result "1/2-1/2"]
[WhiteElo "2220"]
[BlackElo "2124"]
[PlyCount "36"]
[EventDate "2001.10.21"]

1. d4 Nf6 2. c4 e5 3. dxe5 Ng4 4. Bf4 Bb4+ 5. Nd2 Nc6 6. Ngf3 Qe7 7. e3 Ngxe5
8. Nxe5 Nxe5 9. Be2 O-O 10. O-O Bxd2 11. Qxd2 d6 12. Qc3 b6 13. Rac1 Re8 14. h3
Bb7 15. Rfd1 a5 16. b3 Qe6 17. Bxe5 Qxe5 18. Qxe5 Rxe5 1/2-1/2

[Event "Guernsey Open"]
[Site "Guernsey"]
[Date "2001.10.22"]
[Round "2"]
[White "Goldberg, Menashe"]
[Black "Tan, H Boen"]
[Result "1-0"]
[WhiteElo "2046"]
[BlackElo "2194"]
[PlyCount "43"]
[EventDate "2001.10.21"]

1. e4 d5 2. exd5 Nf6 3. d4 Bg4 4. Bb5+ c6 5. dxc6 Qa5+ 6. Nc3 Nxc6 7. Nge2
O-O-O 8. Bxc6 bxc6 9. O-O e5 10. Qd3 exd4 11. Nxd4 Qb6 12. Be3 Kb7 13. Qc4 c5
14. Nb3 Rc8 15. Na4 Qc7 16. Nbxc5+ Ka8 17. b4 Bd7 18. Qa6 Bxa4 19. Nxa4 Rb8 20.
Nc5 Rb6 21. Qe2 Rxb4 22. Qf3+ 1-0

[Event "Guernsey Open"]
[Site "Guernsey"]
[Date "2001.10.22"]
[Round "2"]
[White "Van Voorthuijsen, PW.."]
[Black "Keely, Roger"]
[Result "1-0"]
[WhiteElo "2319"]
[BlackElo "2041"]
[PlyCount "135"]
[EventDate "2001.10.21"]

1. d4 Nf6 2. c4 e6 3. g3 d5 4. Bg2 c6 5. Qc2 Be7 6. Nf3 Nbd7 7. O-O O-O 8. Nbd2
Qc7 9. e4 dxe4 10. Nxe4 c5 11. Bf4 Qb6 12. dxc5 Nxc5 13. Nxf6+ Bxf6 14. Be5
Bxe5 15. Nxe5 a5 16. Rad1 Qc7 17. Rfe1 Nd7 18. Nf3 Rb8 19. Qe2 Nc5 20. b3 Bd7
21. Qe5 Rfc8 22. Nd4 Be8 23. Qe3 Rd8 24. Nc6 Bxc6 25. Qxc5 Rdc8 26. Bxc6 Qxc6
27. Qxa5 h6 28. Qe5 Ra8 29. Rd2 Rd8 30. Red1 Rxd2 31. Rxd2 Qf3 32. Qe3 Qc6 33.
Qd3 g6 34. h4 Kg7 35. Qd4+ Kg8 36. Qf4 Kg7 37. Qe5+ Kg8 38. h5 g5 39. Qe3 Kg7
40. Qd4+ Kg8 41. Qd3 Kg7 42. f3 Qc7 43. Kg2 Qe5 44. a4 Kg8 45. Qd4 Qf5 46. Qe4
Qa5 47. Rd7 Qc3 48. Qd3 Qb2+ 49. Kh3 Qf6 50. g4 Qa1 51. Qd1 Qf6 52. Kg3 Qf4+
53. Kg2 Qf6 54. Qd4 e5 55. Qd6 Qg7 56. Qd5 Qf8 57. c5 Re8 58. Rd6 e4 59. fxe4
Kg7 60. Qxb7 Rb8 61. Qd5 Rb4 62. Qe5+ Kh7 63. Rd3 Qa8 64. Qd5 Qe8 65. Rf3 Kg7
66. Re3 Qb8 67. Qd6 Qe8 68. Kf3 {and White won i.d.c.} 1-0

[Event "Guernsey Open"]
[Site "Guernsey"]
[Date "2001.10.22"]
[Round "2"]
[White "Van Dijk, Bram"]
[Black "Keeling, Karen"]
[Result "1-0"]
[WhiteElo "2243"]
[BlackElo "2048"]
[PlyCount "61"]
[EventDate "2001.10.21"]

1. e4 d5 2. exd5 Qxd5 3. Nc3 Qa5 4. Bc4 Nf6 5. d3 c6 6. Qe2 Bf5 7. Nf3 e6 8.
Nd4 Bb4 9. Bd2 O-O 10. a3 Bxc3 11. Bxc3 Qd8 12. Nxf5 exf5 13. O-O-O Nd5 14. Bd2
b5 15. Ba2 a5 16. Qe5 Qd7 17. Rhe1 Na6 18. Bxd5 cxd5 19. Bxa5 d4 20. g4 fxg4
21. Re4 f5 22. Rxd4 Qa7 23. Re1 b4 24. axb4 Kh8 25. Qd6 Qf7 26. Rd5 Rac8 27.
Re7 Qg8 28. b5 Nb8 29. c4 h6 30. Bc3 Rf7 31. Qxh6+ 1-0

[Event "Guernsey Open"]
[Site "Guernsey"]
[Date "2001.10.23"]
[Round "3"]
[White "Gormally, Daniel"]
[Black "Doell, Detlef"]
[Result "1-0"]
[WhiteElo "2505"]
[BlackElo "2108"]
[PlyCount "51"]
[EventDate "2001.10.21"]

1. e4 c5 2. Nf3 d6 3. d4 cxd4 4. Nxd4 Nf6 5. Nc3 a6 6. Be3 e5 7. Nb3 Be6 8. f3
Qc7 9. Qd2 Be7 10. g4 h6 11. O-O-O Nbd7 12. h4 O-O-O 13. Qf2 Kb8 14. Rg1 Rc8
15. Kb1 Qc6 16. g5 hxg5 17. hxg5 Nh5 18. Nd5 Bxd5 19. exd5 Qc7 20. Rg4 Ka8 21.
Ra4 Nc5 22. Bxc5 dxc5 23. Bxa6 bxa6 24. Rxa6+ Kb7 25. Rc6 Qd7 26. Qe2 1-0

[Event "Guernsey Open"]
[Site "Guernsey"]
[Date "2001.10.23"]
[Round "3"]
[White "Lalic, Susan"]
[Black "Arkell, Keith"]
[Result "0-1"]
[WhiteElo "2351"]
[BlackElo "2457"]
[PlyCount "62"]
[EventDate "2001.10.21"]

1. e4 e6 2. d4 d5 3. e5 c5 4. c3 Nc6 5. Nf3 Bd7 6. Bd3 Qb6 7. dxc5 Bxc5 8. O-O
a5 9. a4 f6 10. Qe2 fxe5 11. Nxe5 Nxe5 12. Qxe5 Nf6 13. Qe2 O-O 14. Be3 Bxe3
15. fxe3 Ng4 16. Nd2 Nxe3 17. Rxf8+ Rxf8 18. Kh1 e5 19. Re1 Ng4 20. h3 Nf2+ 21.
Kh2 e4 22. Bb5 Qd6+ 23. Kg1 Nxh3+ 24. gxh3 Qg3+ 25. Kh1 Rf2 26. Qxf2 Qxf2 27.
Re2 Qf5 28. Bxd7 Qxd7 29. Kg2 Qxa4 30. Nf1 Qc6 31. Ne3 Qf6 0-1

[Event "Guernsey Open"]
[Site "Guernsey"]
[Date "2001.10.23"]
[Round "3"]
[White "Hillarp Persson, Tiger"]
[Black "Van de Griendt, Monique"]
[Result "1-0"]
[WhiteElo "2450"]
[BlackElo "2067"]
[PlyCount "79"]
[EventDate "2001.10.21"]

1. c4 e5 2. Nc3 Nc6 3. Nf3 Bc5 4. e3 d6 5. a3 a5 6. d4 exd4 7. exd4 Bb6 8. h3
Nge7 9. Be2 Bf5 10. Bf4 O-O 11. O-O h6 12. Bh2 Bg6 13. Nb5 a4 14. Rc1 Qc8 15.
Nc3 Nf5 16. Nb5 Nfe7 17. Kh1 Be4 18. Nd2 Bf5 19. Nb1 Bd7 20. N1c3 Nf5 21. Nd5
Ba5 22. c5 dxc5 23. Rxc5 Bb6 24. Nxb6 cxb6 25. Rc3 Qe8 26. Bg4 Qd8 27. d5 Nce7
28. Nc7 Ra5 29. Re1 Bc8 30. d6 Nc6 31. Rd3 Bd7 32. Nd5 Rb5 33. Rd2 Kh8 34. Qxa4
Rc5 35. Qd1 Be6 36. Bxf5 Bxf5 37. b4 Rc4 38. Ne3 Be6 39. Nxc4 Bxc4 40. d7 1-0

[Event "Guernsey Open"]
[Site "Guernsey"]
[Date "2001.10.23"]
[Round "3"]
[White "Corkett, Anthony"]
[Black "Webster, Andrew"]
[Result "1/2-1/2"]
[WhiteElo "2300"]
[BlackElo "2413"]
[PlyCount "47"]
[EventDate "2001.10.21"]

1. e4 c5 2. Nf3 Nc6 3. Bb5 Na5 4. O-O a6 5. Be2 d6 6. Re1 g6 7. c3 Nf6 8. d4
Nxe4 9. dxc5 Nc6 10. cxd6 Qxd6 11. Nbd2 Nxd2 12. Bxd2 Bg7 13. Qa4 O-O 14. Rad1
e5 15. Bh6 Qe7 16. Bxg7 Kxg7 17. Bf1 Bf5 18. Nd4 Bd7 19. Qb3 Rab8 20. Qb6 Rfd8
21. b3 Nxd4 22. cxd4 Bc6 23. Bc4 Rd6 24. Qc5 1/2-1/2

[Event "Guernsey Open"]
[Site "Guernsey"]
[Date "2001.10.23"]
[Round "3"]
[White "Lock, Gavin"]
[Black "Bellin, Robert"]
[Result "1/2-1/2"]
[WhiteElo "2153"]
[BlackElo "2359"]
[PlyCount "41"]
[EventDate "2001.10.21"]

1. d4 Nf6 2. Nf3 e6 3. c4 Bb4+ 4. Nbd2 d5 5. g3 dxc4 6. Bg2 c3 7. bxc3 Bxc3 8.
Rb1 O-O 9. O-O Nc6 10. Ba3 Re8 11. Nb3 a5 12. Qc1 Bb4 13. Bb2 Bf8 14. Rd1 Nb4
15. a3 Nbd5 16. Ne5 Nd7 17. Qc2 c6 18. Nd2 f6 19. Nd3 Nc7 20. e4 Kh8 21. a4
1/2-1/2

[Event "Guernsey Open"]
[Site "Guernsey"]
[Date "2001.10.23"]
[Round "3"]
[White "Havenaar, Jan"]
[Black "Goldberg, Menashe"]
[Result "1-0"]
[WhiteElo "2235"]
[BlackElo "2046"]
[PlyCount "32"]
[EventDate "2001.10.21"]

1. Nc3 d5 2. e4 Nf6 3. e5 d4 4. Nce2 Ng4 5. f4 d3 6. cxd3 Qxd3 7. Nf3 Nc6 8.
Nc3 Qg6 9. d4 e6 10. Bd3 Qh5 11. Be2 Nh6 12. Ng5 Qg6 13. Bh5 Qf5 14. g4 Nxg4
15. Bxg4 Qg6 16. f5 Qh6 1-0

[Event "Guernsey Open"]
[Site "Guernsey"]
[Date "2001.10.23"]
[Round "3"]
[White "Weighell, Mark"]
[Black "Van Voorthuijsen, PW.."]
[Result "0-1"]
[WhiteElo "2124"]
[BlackElo "2319"]
[PlyCount "54"]
[EventDate "2001.10.21"]

1. d4 Nf6 2. Nf3 e6 3. e3 b6 4. Bd3 Bb7 5. O-O Be7 6. Nbd2 c5 7. b3 cxd4 8.
exd4 O-O 9. Bb2 d6 10. c4 Nbd7 11. Rc1 Rc8 12. a3 d5 13. Ne5 dxc4 14. bxc4 Nxe5
15. dxe5 Qxd3 16. exf6 Qg6 17. f3 Bxf6 18. Bxf6 Qxf6 19. Ne4 Bxe4 20. fxe4 Qe5
21. Qa4 Rc7 22. Rcd1 Qc5+ 23. Kh1 Qxc4 24. Qxc4 Rxc4 25. Rde1 Rc3 26. Rf3 Rfc8
27. a4 Rc1 0-1